BIBLIOTECA

SENCICO

Dibujo a mano alzada para diseñadores de interiores (Registro nro. 2258)

Detalles MARC
000 -LEADER
fixed length control field 00811nam a2200265Ia 4500
005 - DATE AND TIME OF LATEST TRANSACTION
control field 20251020182537.0
008 - FIXED-LENGTH DATA ELEMENTS--GENERAL INFORMATION
fixed length control field 200515s9999 xx 000 0 und d
020 ## - INTERNATIONAL STANDARD BOOK NUMBER
International Standard Book Number 978-84-342-3526-7
082 ## - DEWEY DECIMAL CLASSIFICATION NUMBER
Classification number 720.28/J54
100 ## - MAIN ENTRY--PERSONAL NAME
Personal name Jiménez, Javier
100 ## - MAIN ENTRY--PERSONAL NAME
Personal name Ortega, David
245 #0 - TITLE STATEMENT
Title Dibujo a mano alzada para diseñadores de interiores
260 ## - PUBLICATION, DISTRIBUTION, ETC.
Place of publication, distribution, etc. Barcelona
260 ## - PUBLICATION, DISTRIBUTION, ETC.
Name of publisher, distributor, etc. Parramon
260 ## - PUBLICATION, DISTRIBUTION, ETC.
Date of publication, distribution, etc. 2010
300 ## - PHYSICAL DESCRIPTION
Extent 191 p.
300 ## - PHYSICAL DESCRIPTION
Other physical details il.
500 ## - GENERAL NOTE
General note 1 ejemplar
520 ## - SUMMARY, ETC.
Summary, etc. Explica como dar forma a la pluralidad gráfica en el dibujo que deben realizar los diseñadores de interiores: bocetos, croquis acotados, explicaciones de ideas a clientes entre otros
650 ## - SUBJECT ADDED ENTRY--TOPICAL TERM
Topical term or geographic name entry element DIBUJO
650 ## - SUBJECT ADDED ENTRY--TOPICAL TERM
Topical term or geographic name entry element DIBUJO A MANO ALZADA
650 ## - SUBJECT ADDED ENTRY--TOPICAL TERM
Topical term or geographic name entry element DISEÑO DE INTERIORES
942 ## - ADDED ENTRY ELEMENTS (KOHA)
Koha item type Libros
Existencias
Fecha de la última vez que lo usaron Pago total Signatura topográfica completa Código de barras Precio efectivo desde Tipo de documento Estado perdido Estado dañado No es para préstamo Retirado Ubicación permanente Ubicación actual Fecha de adquisición
15/05/2020   720.28/J54 Bib-Lima15052258 15/05/2020 Libros         Biblioteca Central Lima Biblioteca Central Lima 15/05/2020